000
00259nam a2200097Ia 4500
001
683260
005
20250826161434.0
008
250824s9999 xx 000 0 und d
245
0
_a
ÇİLEK TADINDA AŞK ÖYKÜLERİ
_c
TUÇE İNCEOĞLU
260
_b
TİMAŞ YAYINLARI
999
_c
683260
_d
683260